Deniz ve Felaket Üçüzler okula geç aklıyor ! (Record no. 23452)

MARC details
000 -BAŞLIK
Sabit Uzunluktaki Kontrol Alanı 00803nam a22002177a 4500
003 - KONTROL NUMARASI KİMLİĞİ
Kontrol Alanı koha_MIRAKIL
005 - EN SON İŞLEM TARİHİ ve ZAMANI
Kontrol Alanı 20260414094130.0
008 - SABİT UZUNLUKTAKİ VERİ ÖGELERİ - GENEL BİLGİ
Sabit Alan 260414b tur||||| |||| 00| 0 tur d
020 ## - ISBN - ULUSLARARASI STANDART KİTAP NUMARASI
Isbn 9786052854921
040 ## - KATALOGLAMA KAYNAĞI
Özgün Kataloglama Kurumu TR-IsEVY
Kataloglama Dili tur
Çeviri Kurumu TR-IsEVY
082 ## - DEWEY ONU SINIFLAMA SİSTEMİ
Sınıflama Numarası FIC DIC/D
100 ## - KİŞİ ADI
Yazar Adı (Kişi adı) Dickreiter, Lisa-Marie
245 #0 - ESER ADI BİLDİRİMİ
Başlık Deniz ve Felaket Üçüzler okula geç aklıyor !
Alt Eseradı vb. küçük yıldızlar okuma seviyesi 1 /
Sorumluluk Bildirimi Lisa-Marie Dickreiter, Andreas Götz ; resimleyen Nikolai Renger.
260 ## - YAYIN, DAĞITIM, VB.
Yayın Yeri İzmir :
Yayınevi Tudem,
Yayın Tarihi 2022.
300 ## - FİZİKSEL TANIMLAMA
Sayfa, Cilt vb. 55 s. :
Diğer fiziki detaylar renkli resimli ;
Boyutları 21 cm.
490 0# - DİZİ BİLDİRİMİ
Dizi Bildirimi Küçük yıldızlar okuma seviyesi ;
Cilt Numarası 1.
650 ## - KONU BAŞLIĞI EK GİRİŞ - KONU TERİMİ
Konusal terim veya coğrafi ad Çocuk Edebiyatı.
Alt başlık biçimi Çocuk Hikayeleri.
-- Resimli Kitaplar.
700 1# - EK GİRİŞ - KİŞİ ADI
Yazar Adı (Kişi adı) Götz, Andreas.
Ünvan yazar.
700 1# - EK GİRİŞ - KİŞİ ADI
Yazar Adı (Kişi adı) Renger, Nikolai.
Ünvan resimleyen.
942 ## - EK GİRİŞ ÖGELERİ (KOHA)
Source of classification or shelving scheme Dewey Decimal Classification
Koha item type Kitap
Holdings
Kayıp Durumu Sınıflandırma Kaynağı Hasarlı Durumu Koleksiyon Kodu Kalıcı Konum Mevcut Konum Kayıt Tarih Edinim Kaynağı Toplam Ödünçverme Yer Numarası Demirbaş Numarası Son Görülme Tarihi Fatura Tarihi Materyal Türü
  Dewey Decimal Classification   İlkokul İLKOKUL KÜTÜPHANESİ İLKOKUL KÜTÜPHANESİ 14/04/2026 Bağış   FIC DIC/D 25056 14/04/2026 14/04/2026 Kitap